<?xml version="1.0" encoding="UTF-8"?>
<record
    xmlns:xsi="http://www.w3.org/2001/XMLSchema-instance"
    xsi:schemaLocation="http://www.loc.gov/MARC21/slim http://www.loc.gov/standards/marcxml/schema/MARC21slim.xsd"
    xmlns="http://www.loc.gov/MARC21/slim">

  <leader>04863nam a2201057 a 4500</leader>
  <controlfield tag="005">20241128110017.0</controlfield>
  <controlfield tag="008">100315t2023||||ag a   f |||| 001 0 spa d</controlfield>
  <datafield tag="020" ind1=" " ind2=" ">
    <subfield code="a">9789509539563</subfield>
  </datafield>
  <datafield tag="041" ind1=" " ind2=" ">
    <subfield code="a">spa</subfield>
  </datafield>
  <datafield tag="092" ind1=" " ind2=" ">
    <subfield code="c">616.01</subfield>
    <subfield code="l">6</subfield>
    <subfield code="s">BAS</subfield>
  </datafield>
  <datafield tag="100" ind1="1" ind2=" ">
    <subfield code="a">Basualdo, Juan &#xC1;ngel.</subfield>
    <subfield code="9">507</subfield>
  </datafield>
  <datafield tag="245" ind1=" " ind2=" ">
    <subfield code="a">Microbiolog&#xED;a Biom&#xE9;dica.</subfield>
    <subfield code="b">T.1 Microbiolog&#xED;a general / </subfield>
    <subfield code="c">Juan &#xC1;ngel Basualdo.</subfield>
  </datafield>
  <datafield tag="250" ind1=" " ind2=" ">
    <subfield code="a">3a ed.</subfield>
  </datafield>
  <datafield tag="260" ind1=" " ind2=" ">
    <subfield code="a">Buenos Aires: </subfield>
    <subfield code="b">Editorial Atlante;</subfield>
    <subfield code="c">2023.</subfield>
  </datafield>
  <datafield tag="300" ind1=" " ind2=" ">
    <subfield code="a">751 p.</subfield>
  </datafield>
  <datafield tag="500" ind1=" " ind2=" ">
    <subfield code="a">Basualdo, J. A., Coto, C. E y De Torres, R. A. (2023). Microbiolog&#xED;a Biom&#xE9;dica. T.1 Microbiolog&#xED;a general. (3a ed.). Buenos Aires : Editorial Atlante.</subfield>
  </datafield>
  <datafield tag="653" ind1=" " ind2=" ">
    <subfield code="a">Aspectos hist&#xF3;ricos. Evoluci&#xF3;n de la relaci&#xF3;n de la especie humana con el mundo de los microvios</subfield>
  </datafield>
  <datafield tag="653" ind1=" " ind2=" ">
    <subfield code="a">Leeuwenhoek (1623-1723) el pionero de una ciencia</subfield>
  </datafield>
  <datafield tag="653" ind1=" " ind2=" ">
    <subfield code="a">Fundadores de la microbiolog&#xED;a biom&#xE9;dica</subfield>
  </datafield>
  <datafield tag="653" ind1=" " ind2=" ">
    <subfield code="a">Roberto E. M. Wernicke, fundador de los estudios de la microbiolog&#xED;a en la Argentina</subfield>
  </datafield>
  <datafield tag="653" ind1=" " ind2=" ">
    <subfield code="a">Conceptos necesarios de bioseguridad antes de iniciar un curso universitario de microbiologia</subfield>
  </datafield>
  <datafield tag="653" ind1=" " ind2=" ">
    <subfield code="a">Bioseguridad - Pr&#xF3;logo</subfield>
  </datafield>
  <datafield tag="653" ind1=" " ind2=" ">
    <subfield code="a">Repensando la bioseguridad y ampliando sus alcances</subfield>
  </datafield>
  <datafield tag="653" ind1=" " ind2=" ">
    <subfield code="a">Bioseguridad en el &#xE1;mbito de la salud institucional</subfield>
  </datafield>
  <datafield tag="653" ind1=" " ind2=" ">
    <subfield code="a">Infecciones asociadas al cuidado de la saud. Epidemiolog&#xED;a, prevenci&#xF3;n y control</subfield>
  </datafield>
  <datafield tag="653" ind1=" " ind2=" ">
    <subfield code="a">Bioseguridad en trasplantados y otros inmunocomprometidos</subfield>
  </datafield>
  <datafield tag="653" ind1=" " ind2=" ">
    <subfield code="a">El riesgo biol&#xF3;gico que trasciende la instituci&#xF3;n de salud</subfield>
  </datafield>
  <datafield tag="653" ind1=" " ind2=" ">
    <subfield code="a">Evaluaci&#xF3;n del riesgo biol&#xF3;gico institucional</subfield>
  </datafield>
  <datafield tag="653" ind1=" " ind2=" ">
    <subfield code="a">Inmunolog&#xED;a</subfield>
  </datafield>
  <datafield tag="653" ind1=" " ind2=" ">
    <subfield code="a">Inmunidad innata</subfield>
  </datafield>
  <datafield tag="653" ind1=" " ind2=" ">
    <subfield code="a">C&#xE9;lulas y organos del sistema inmune y tr&#xE1;fico linfocitario</subfield>
  </datafield>
  <datafield tag="653" ind1=" " ind2=" ">
    <subfield code="a">Receptores antig&#xE9;nicos, estructura gen&#xE9;tica y funci&#xF3;n</subfield>
  </datafield>
  <datafield tag="653" ind1=" " ind2=" ">
    <subfield code="a">Procesamiento y representaci&#xF3;n antig&#xE9;nicos</subfield>
  </datafield>
  <datafield tag="653" ind1=" " ind2=" ">
    <subfield code="a">Educaci&#xF3;n t&#xED;mica y tolerancia inmunol&#xF3;gica</subfield>
  </datafield>
  <datafield tag="653" ind1=" " ind2=" ">
    <subfield code="a">Inmunidad mediada por linfocitos B. Cooperaci&#xF3;n celular de la respuesta de anticuerpos</subfield>
  </datafield>
  <datafield tag="653" ind1=" " ind2=" ">
    <subfield code="a">Regulaci&#xF3;n de la respuesta inmune efectora</subfield>
  </datafield>
  <datafield tag="653" ind1=" " ind2=" ">
    <subfield code="a">Inmunidad de la mucosas</subfield>
  </datafield>
  <datafield tag="653" ind1=" " ind2=" ">
    <subfield code="a">Vacunas y adyuvantes</subfield>
  </datafield>
  <datafield tag="653" ind1=" " ind2=" ">
    <subfield code="a">Inmunodeficiencias primarias e infecciones</subfield>
  </datafield>
  <datafield tag="653" ind1=" " ind2=" ">
    <subfield code="a">Mecanismos de hipersensibilidad y procesos infecciosos</subfield>
  </datafield>
  <datafield tag="653" ind1=" " ind2=" ">
    <subfield code="a">Fundamentos de t&#xE9;cnicas para el inmunodiagn&#xF3;stico de las infecciones</subfield>
  </datafield>
  <datafield tag="653" ind1=" " ind2=" ">
    <subfield code="a">Bacteriolog&#xED;a</subfield>
  </datafield>
  <datafield tag="653" ind1=" " ind2=" ">
    <subfield code="a">Introducci&#xF3;n a la biolog&#xED;a comparativa para distinguir los cuerpos microbianos de importancia biom&#xE9;dica</subfield>
  </datafield>
  <datafield tag="653" ind1=" " ind2=" ">
    <subfield code="a">Microscop&#xED;a microbiana</subfield>
  </datafield>
  <datafield tag="653" ind1=" " ind2=" ">
    <subfield code="a">Procariotas: dominios bacteria y archaea</subfield>
  </datafield>
  <datafield tag="653" ind1=" " ind2=" ">
    <subfield code="a">Divisi&#xF3;n celular bacteriana</subfield>
  </datafield>
  <datafield tag="653" ind1=" " ind2=" ">
    <subfield code="a">Nutrici&#xF3;n y crecimiento bacteriano</subfield>
  </datafield>
  <datafield tag="653" ind1=" " ind2=" ">
    <subfield code="a">Metabolismo bacteriano</subfield>
  </datafield>
  <datafield tag="653" ind1=" " ind2=" ">
    <subfield code="a">Biofilms</subfield>
  </datafield>
  <datafield tag="653" ind1=" " ind2=" ">
    <subfield code="a">Expresi&#xF3;n de genes y regulaci&#xF3;n metab&#xF3;lica</subfield>
  </datafield>
  <datafield tag="653" ind1=" " ind2=" ">
    <subfield code="a">La informaci&#xF3;n gen&#xE9;tica en las bacterias</subfield>
  </datafield>
  <datafield tag="653" ind1=" " ind2=" ">
    <subfield code="a">Mecanismo de variaci&#xF3;n gen&#xE9;tica: mutaciones</subfield>
  </datafield>
  <datafield tag="653" ind1=" " ind2=" ">
    <subfield code="a">Mecanismo de variaci&#xF3;n gen&#xE9;tica: transferencia horizontal de genes</subfield>
  </datafield>
  <datafield tag="653" ind1=" " ind2=" ">
    <subfield code="a">Taxonom&#xED;a microbiana</subfield>
  </datafield>
  <datafield tag="653" ind1=" " ind2=" ">
    <subfield code="a">Patog&#xE9;nesis bacteriana</subfield>
  </datafield>
  <datafield tag="653" ind1=" " ind2=" ">
    <subfield code="a">Mecanismo de acci&#xF3;n de antimicrobianos de uso cl&#xED;nico</subfield>
  </datafield>
  <datafield tag="653" ind1=" " ind2=" ">
    <subfield code="a">Resistencia a los antibi&#xF3;ticos</subfield>
  </datafield>
  <datafield tag="653" ind1=" " ind2=" ">
    <subfield code="a">Pruebas de sensibilidad a los antibaterianos</subfield>
  </datafield>
  <datafield tag="653" ind1=" " ind2=" ">
    <subfield code="a">Esterilizaci&#xF3;n y desinfecci&#xF3;n</subfield>
  </datafield>
  <datafield tag="653" ind1=" " ind2=" ">
    <subfield code="a">Micolog&#xED;a</subfield>
  </datafield>
  <datafield tag="653" ind1=" " ind2=" ">
    <subfield code="a">Generalidad de la c&#xE9;lula f&#xFA;ngica: estructura - nutrici&#xF3;n y metabolismo</subfield>
  </datafield>
  <datafield tag="653" ind1=" " ind2=" ">
    <subfield code="a">Generalidades de la c&#xE9;lula f&#xFA;ngica: talo vegetativo - talo de reproducci&#xF3;n - dimorfismo - taxonom&#xED;a y nomenclatura</subfield>
  </datafield>
  <datafield tag="653" ind1=" " ind2=" ">
    <subfield code="a">Biopel&#xED;culas y pat&#xF3;genos f&#xFA;ngicos</subfield>
  </datafield>
  <datafield tag="653" ind1=" " ind2=" ">
    <subfield code="a">Diagn&#xF3;stico micol&#xF3;gico</subfield>
  </datafield>
  <datafield tag="653" ind1=" " ind2=" ">
    <subfield code="a">Antif&#xFA;ngicos generalidades</subfield>
  </datafield>
  <datafield tag="653" ind1=" " ind2=" ">
    <subfield code="a">Antif&#xFA;ngicos: mecanismos moleculares de resistencia y pruebas de sensibilidad</subfield>
  </datafield>
  <datafield tag="653" ind1=" " ind2=" ">
    <subfield code="a">Introducci&#xF3;n: el mundo de los virus gigantes</subfield>
  </datafield>
  <datafield tag="653" ind1=" " ind2=" ">
    <subfield code="a">Los virus</subfield>
  </datafield>
  <datafield tag="653" ind1=" " ind2=" ">
    <subfield code="a">Estructura y clasificaci&#xF3;n de los virus</subfield>
  </datafield>
  <datafield tag="653" ind1=" " ind2=" ">
    <subfield code="a">Cultivo de virus</subfield>
  </datafield>
  <datafield tag="653" ind1=" " ind2=" ">
    <subfield code="a">Multiplicaci&#xF3;n viral</subfield>
  </datafield>
  <datafield tag="653" ind1=" " ind2=" ">
    <subfield code="a">Gen&#xE9;tica y evoluc&#xF3;n viral</subfield>
  </datafield>
  <datafield tag="653" ind1=" " ind2=" ">
    <subfield code="a">Diagn&#xF3;stico de laboratorio de las infecciones virales</subfield>
  </datafield>
  <datafield tag="653" ind1=" " ind2=" ">
    <subfield code="a">Vacunas virales</subfield>
  </datafield>
  <datafield tag="653" ind1=" " ind2=" ">
    <subfield code="a">Antivirales y quimioterapia de las enfermedades virales</subfield>
  </datafield>
  <datafield tag="653" ind1=" " ind2=" ">
    <subfield code="a">Bacteri&#xF3;fagos</subfield>
  </datafield>
  <datafield tag="653" ind1=" " ind2=" ">
    <subfield code="a">Agentes infecciosos no convencionales: Priones</subfield>
  </datafield>
  <datafield tag="653" ind1=" " ind2=" ">
    <subfield code="a">Microorganismos emergentes, principalmente virus, y las enfermedades que causan en el hombre</subfield>
  </datafield>
  <datafield tag="653" ind1=" " ind2=" ">
    <subfield code="a">Parasitolog&#xED;a</subfield>
  </datafield>
  <datafield tag="653" ind1=" " ind2=" ">
    <subfield code="a">Generalidades de parasitolog&#xED;a</subfield>
  </datafield>
  <datafield tag="653" ind1=" " ind2=" ">
    <subfield code="a">Diagn&#xF3;stico parasitol&#xF3;gico </subfield>
  </datafield>
  <datafield tag="653" ind1=" " ind2=" ">
    <subfield code="a">Farmacolog&#xED;a antiparasitaria</subfield>
  </datafield>
  <datafield tag="700" ind1="1" ind2=" ">
    <subfield code="a">Coto, Celia E.</subfield>
    <subfield code="9">508</subfield>
  </datafield>
  <datafield tag="700" ind1="1" ind2=" ">
    <subfield code="a">De Torres, Ram&#xF3;n Alberto.</subfield>
    <subfield code="9">509</subfield>
  </datafield>
  <datafield tag="930" ind1=" " ind2=" ">
    <subfield code="a">2021</subfield>
  </datafield>
  <datafield tag="930" ind1=" " ind2=" ">
    <subfield code="a">2022</subfield>
  </datafield>
  <datafield tag="930" ind1=" " ind2=" ">
    <subfield code="a">2023</subfield>
  </datafield>
  <datafield tag="930" ind1=" " ind2=" ">
    <subfield code="a">2024</subfield>
  </datafield>
  <datafield tag="930" ind1=" " ind2=" ">
    <subfield code="a">2025</subfield>
  </datafield>
  <datafield tag="942" ind1=" " ind2=" ">
    <subfield code="2">ddc</subfield>
    <subfield code="c">BK</subfield>
  </datafield>
  <datafield tag="999" ind1=" " ind2=" ">
    <subfield code="c">3210</subfield>
    <subfield code="d">3210</subfield>
  </datafield>
  <datafield tag="952" ind1=" " ind2=" ">
    <subfield code="0">0</subfield>
    <subfield code="1">0</subfield>
    <subfield code="2">ddc</subfield>
    <subfield code="4">0</subfield>
    <subfield code="7">0</subfield>
    <subfield code="a">BFM</subfield>
    <subfield code="b">BFM</subfield>
    <subfield code="c">CR</subfield>
    <subfield code="d">2024-11-27</subfield>
    <subfield code="e">Compra FaCiMed Noviembre 2024</subfield>
    <subfield code="g">74520.00</subfield>
    <subfield code="l">0</subfield>
    <subfield code="o">616.01 6 BAS</subfield>
    <subfield code="p">4933</subfield>
    <subfield code="r">2024-11-27</subfield>
    <subfield code="t">Ej.33</subfield>
    <subfield code="w">2024-11-27</subfield>
    <subfield code="y">BK</subfield>
    <subfield code="z">Compra FaCiMed Noviembre 2024. Sede Tordos.</subfield>
    <subfield code="f"></subfield>
  </datafield>
  <datafield tag="952" ind1=" " ind2=" ">
    <subfield code="0">0</subfield>
    <subfield code="1">0</subfield>
    <subfield code="2">ddc</subfield>
    <subfield code="4">0</subfield>
    <subfield code="7">0</subfield>
    <subfield code="a">BFM</subfield>
    <subfield code="b">BFM</subfield>
    <subfield code="c">CR</subfield>
    <subfield code="d">2024-11-27</subfield>
    <subfield code="e">Compra FaCiMed Noviembre 2024</subfield>
    <subfield code="g">74520.00</subfield>
    <subfield code="l">3</subfield>
    <subfield code="o">616.01 6 BAS</subfield>
    <subfield code="p">4934</subfield>
    <subfield code="r">2025-07-29</subfield>
    <subfield code="s">2025-07-24</subfield>
    <subfield code="t">Ej.34</subfield>
    <subfield code="w">2024-11-27</subfield>
    <subfield code="y">BK</subfield>
    <subfield code="z">Compra FaCiMed Noviembre 2024. Sede Tordos.</subfield>
    <subfield code="f"></subfield>
  </datafield>
  <datafield tag="952" ind1=" " ind2=" ">
    <subfield code="0">0</subfield>
    <subfield code="1">0</subfield>
    <subfield code="2">ddc</subfield>
    <subfield code="4">0</subfield>
    <subfield code="7">0</subfield>
    <subfield code="a">BFM</subfield>
    <subfield code="b">BFM</subfield>
    <subfield code="c">CR</subfield>
    <subfield code="d">2024-11-27</subfield>
    <subfield code="e">Compra FaCiMed Noviembre 2024</subfield>
    <subfield code="g">74520.00</subfield>
    <subfield code="l">2</subfield>
    <subfield code="o">616.01 6 BAS</subfield>
    <subfield code="p">4935</subfield>
    <subfield code="r">2025-04-08</subfield>
    <subfield code="s">2025-04-01</subfield>
    <subfield code="t">Ej.35</subfield>
    <subfield code="w">2024-11-27</subfield>
    <subfield code="y">BK</subfield>
    <subfield code="z">Compra FaCiMed Noviembre 2024. Sede Tordos.</subfield>
    <subfield code="f"></subfield>
  </datafield>
  <datafield tag="952" ind1=" " ind2=" ">
    <subfield code="0">0</subfield>
    <subfield code="1">0</subfield>
    <subfield code="2">ddc</subfield>
    <subfield code="4">0</subfield>
    <subfield code="7">0</subfield>
    <subfield code="a">BFM</subfield>
    <subfield code="b">BFM</subfield>
    <subfield code="c">CR</subfield>
    <subfield code="d">2024-11-27</subfield>
    <subfield code="e">Compra FaCiMed Noviembre 2024</subfield>
    <subfield code="g">74520.00</subfield>
    <subfield code="l">1</subfield>
    <subfield code="o">616.01 6 BAS</subfield>
    <subfield code="p">4936</subfield>
    <subfield code="r">2025-02-28</subfield>
    <subfield code="s">2024-12-17</subfield>
    <subfield code="t">Ej.36</subfield>
    <subfield code="w">2024-11-27</subfield>
    <subfield code="y">BK</subfield>
    <subfield code="z">Compra FaCiMed Noviembre 2024. Sede Tordos.</subfield>
    <subfield code="f"></subfield>
  </datafield>
</record>
